00957nam a22002177a 4500999001700000003000900017008004100026040007100067082002400138100002600162245023600188260003800424300002800462505004300490650002600533650001700559650002200576942001600598945002100614952010400635 c13275d13275AR-CdUCM190411b ||||| |||| 00| 0 spa d aMUNICIPALIDAD PROVINCIAL DEL CUSCOcBIBLIOTECA MUNICIPAL DEL CUSCO a345.7 /bD35 / 1956 aDelgado, Pedro Genaro aFormulario, manual y reglamento de jueces de paz, materia civil :bconcordado con el Código de procedimientos civiles, la ley orgánica del poder judicial, la ley del notariado, la Constitución del Perú y el Código civil / aLima :bImpr. El Cóndor,c1956. a215 páginas ;c20 cm. aContenido: Contiene código de aguas. aCódigo civil928051 aDerecho9739 aReglamentos98910 2ddccLIBROS adavvd11/04/2019 002ddc4070aSCAbSCAcCARTd2019-04-11g20.00o345.7 / D35 / 1956pSCA0002656r2019-04-11yLIBROS